Teoría y verificación en sociología

Uloženo v:
Podrobná bibliografie
Hlavní autor: Zetterberg, Hans (Autor)
Médium: Kniha
Jazyk:španělština
Vydáno: Buenos Aires Nueva Visión 1970
Edice:Cuadernos de Investigacion Social
Témata:
Tagy: Přidat tag
Žádné tagy, Buďte první, kdo vytvoří štítek k tomuto záznamu!

MARC

LEADER 00000nam a2200000 a 4500
001 UCR0003
003 CL-VaPUC
008 971129e19700000AG |||||||||||||||||spa|d
082 0 4 |a 301  |b ZET  |2 21 
100 0 |a Zetterberg, Hans  |e author  |9 395296 
245 1 0 |a Teoría y verificación en sociología 
300 |a 142 p 
942 |c BK 
945 |d 19971129 00:00:00  |a jquezada 
260 |a Buenos Aires  |b Nueva Visión  |c 1970 
650 0 |a Sociología   |9 255410 
650 0 |a Sociedad  |9 307903 
650 0 |a Humanismo  |9 256530 
583 |a last modification  |c 19971129 00:00:00  |k Rodrigo Vera 
490 0 |a Cuadernos de Investigacion Social 
999 |c 263665  |d 263663 
952 |0 0  |1 0  |4 0  |6 301_000000000000000_ZET_1970  |7 0  |8 A  |9 293028  |a BIBHIS  |b BIBHIS  |d 2019-11-19  |i 2929317  |o 301 ZET 1970  |p 2929317  |r 2025-01-20  |w 2019-11-19  |y BK  |k HIS 
952 |0 0  |1 0  |4 0  |6 301_000000000000000_ZET_1970  |7 0  |8 P  |9 293029  |a BIBGIM  |b BIBGIM  |d 2019-11-19  |i 337162K  |o 301 ZET 1970  |p 337162K  |r 2025-01-15  |w 2019-11-19  |y BK  |k GIM 
952 |0 0  |1 0  |4 0  |6 301_000000000000000_ZET_1970  |7 0  |8 A  |9 293030  |a FDOPOS  |b FDOPOS  |d 2019-11-19  |i 4270762  |o 301 ZET 1970  |p 4270762  |r 2025-01-22  |w 2019-11-19  |y BK  |k MLA 
952 |0 0  |1 0  |4 0  |6 301_000000000000000_ZET_1970  |7 0  |8 A  |9 293031  |a FDOPOS  |b FDOPOS  |d 2019-11-19  |i 4270185  |o 301 ZET 1970  |p 4270185  |r 2025-01-22  |w 2019-11-19  |y BK  |k MLA